000 00435nam a2200193Ia 4500
005 20240823035254.0
008 240823s9999||||xx |||||||||||||| ||und||
020 _a978-0-415-21513-7
041 _aENGLISH
082 _A801.95092 P7
100 _aMartin Mc Quillan
245 0 _aPaul de Man
250 _a1st
260 _c2007
_bLondon and New
500 _aYES
650 _aNovel
_bEnglish
942 _cBK
999 _c200289
_d200289